<?xml version="1.0" encoding="UTF-8"?>
<record
    xmlns:xsi="http://www.w3.org/2001/XMLSchema-instance"
    xsi:schemaLocation="http://www.loc.gov/MARC21/slim http://www.loc.gov/standards/marcxml/schema/MARC21slim.xsd"
    xmlns="http://www.loc.gov/MARC21/slim">

  <leader>01112nam a22002417a 4500</leader>
  <controlfield tag="003">OSt</controlfield>
  <controlfield tag="005">20150408114117.0</controlfield>
  <controlfield tag="008">130207s2010    ts ||||f b    00| 0 ara d</controlfield>
  <datafield tag="020" ind1=" " ind2=" ">
    <subfield code="a">9789948016670</subfield>
  </datafield>
  <datafield tag="040" ind1=" " ind2=" ">
    <subfield code="a">MU</subfield>
    <subfield code="b">ara</subfield>
  </datafield>
  <datafield tag="082" ind1=" " ind2=" ">
    <subfield code="2">21</subfield>
    <subfield code="a">306.2</subfield>
    <subfield code="b">&#x647;&#x640; &#x625; &#x645;</subfield>
  </datafield>
  <datafield tag="100" ind1="1" ind2=" ">
    <subfield code="a">&#x647;&#x648;&#x641;&#x631;&#x60C; &#x625;&#x631;&#x64A;&#x643;</subfield>
    <subfield code="9">21058</subfield>
  </datafield>
  <datafield tag="245" ind1="1" ind2="2">
    <subfield code="a">&#x627;&#x644;&#x645;&#x624;&#x645;&#x646; &#x627;&#x644;&#x635;&#x627;&#x62F;&#x642; :</subfield>
    <subfield code="b">&#x623;&#x641;&#x643;&#x627;&#x631; &#x62D;&#x648;&#x644; &#x637;&#x628;&#x64A;&#x639;&#x629; &#x627;&#x644;&#x62D;&#x631;&#x643;&#x627;&#x62A; &#x627;&#x644;&#x62C;&#x645;&#x627;&#x647;&#x64A;&#x631;&#x64A;&#x629; /</subfield>
    <subfield code="c">&#x625;&#x631;&#x64A;&#x643; &#x647;&#x648;&#x641;&#x631; &#x61B; &#x62A;&#x631;&#x62C;&#x645;&#x629; &#x63A;&#x627;&#x632;&#x64A; &#x628;&#x646; &#x639;&#x628;&#x62F; &#x627;&#x644;&#x631;&#x62D;&#x645;&#x646; &#x627;&#x644;&#x642;&#x635;&#x64A;&#x628;&#x64A;.</subfield>
  </datafield>
  <datafield tag="250" ind1=" " ind2=" ">
    <subfield code="a">&#x637;. 1.</subfield>
  </datafield>
  <datafield tag="260" ind1=" " ind2=" ">
    <subfield code="a">&#x623;&#x628;&#x648; &#x638;&#x628;&#x64A;&#x60C; &#x627;&#x644;&#x625;&#x645;&#x627;&#x631;&#x627;&#x62A; &#x627;&#x644;&#x639;&#x631;&#x628;&#x64A;&#x629; &#x627;&#x644;&#x645;&#x62A;&#x62D;&#x62F;&#x629;&#x60C;</subfield>
    <subfield code="b">&#x643;&#x644;&#x645;&#x629; &#x61B;</subfield>
    <subfield code="a">&#x627;&#x644;&#x631;&#x64A;&#x627;&#x636; :</subfield>
    <subfield code="b">&#x627;&#x644;&#x639;&#x628;&#x64A;&#x643;&#x627;&#x646; &#x61B;</subfield>
    <subfield code="a">&#x628;&#x64A;&#x631;&#x648;&#x62A; :</subfield>
    <subfield code="b">&#x645;&#x624;&#x633;&#x633;&#x629; &#x627;&#x644;&#x625;&#x646;&#x62A;&#x634;&#x627;&#x631; &#x627;&#x644;&#x639;&#x631;&#x628;&#x64A;&#x60C;</subfield>
    <subfield code="c">2010.</subfield>
  </datafield>
  <datafield tag="300" ind1=" " ind2=" ">
    <subfield code="a">242 &#x635;. &#x61B;</subfield>
    <subfield code="c">24 &#x633;&#x645;.</subfield>
  </datafield>
  <datafield tag="504" ind1=" " ind2=" ">
    <subfield code="a">&#x64A;&#x634;&#x62A;&#x645;&#x644; &#x639;&#x644;&#x649; &#x625;&#x631;&#x62C;&#x627;&#x639;&#x627;&#x62A; &#x628;&#x628;&#x644;&#x64A;&#x648;&#x62C;&#x631;&#x627;&#x641;&#x64A;&#x629;.</subfield>
  </datafield>
  <datafield tag="650" ind1=" " ind2="4">
    <subfield code="a">&#x627;&#x644;&#x62D;&#x631;&#x643;&#x627;&#x62A; &#x627;&#x644;&#x641;&#x643;&#x631;&#x64A;&#x629;.</subfield>
    <subfield code="9">21059</subfield>
  </datafield>
  <datafield tag="650" ind1=" " ind2="4">
    <subfield code="a">&#x627;&#x644;&#x623;&#x62D;&#x632;&#x627;&#x628; &#x627;&#x644;&#x633;&#x64A;&#x627;&#x633;&#x64A;&#x629;.</subfield>
    <subfield code="9">21060</subfield>
  </datafield>
  <datafield tag="650" ind1=" " ind2="4">
    <subfield code="a">&#x639;&#x644;&#x645; &#x627;&#x644;&#x627;&#x62C;&#x62A;&#x645;&#x627;&#x639; &#x627;&#x644;&#x633;&#x64A;&#x627;&#x633;&#x64A;.</subfield>
    <subfield code="9">21061</subfield>
  </datafield>
  <datafield tag="700" ind1="1" ind2=" ">
    <subfield code="a">&#x627;&#x644;&#x642;&#x635;&#x64A;&#x628;&#x64A;&#x60C; &#x63A;&#x627;&#x632;&#x64A; &#x639;&#x628;&#x62F; &#x627;&#x644;&#x631;&#x62D;&#x645;&#x646;&#x60C;</subfield>
    <subfield code="d">1359-1431 &#x647;&#x640;.</subfield>
    <subfield code="e">&#x645;&#x62A;&#x631;&#x62C;&#x645;.</subfield>
    <subfield code="9">21062</subfield>
  </datafield>
  <datafield tag="942" ind1=" " ind2=" ">
    <subfield code="2">ddc</subfield>
    <subfield code="c">DVD</subfield>
  </datafield>
  <datafield tag="999" ind1=" " ind2=" ">
    <subfield code="c">27784</subfield>
    <subfield code="d">262284</subfield>
  </datafield>
  <datafield tag="952" ind1=" " ind2=" ">
    <subfield code="1">0</subfield>
    <subfield code="2">2013-03-10</subfield>
    <subfield code="4">0</subfield>
    <subfield code="7">0</subfield>
    <subfield code="a">306.2 &#x647;&#x640; &#x625; &#x645;</subfield>
    <subfield code="c">&#x646; 1</subfield>
    <subfield code="d">2013-02-07</subfield>
    <subfield code="h">CL</subfield>
    <subfield code="i">00111408</subfield>
    <subfield code="m">CL</subfield>
    <subfield code="r">2013-03-10 00:00:00</subfield>
    <subfield code="t">BOOK</subfield>
    <subfield code="w">ddc</subfield>
    <subfield code="y">0</subfield>
  </datafield>
  <datafield tag="952" ind1=" " ind2=" ">
    <subfield code="1">0</subfield>
    <subfield code="2">2013-03-10</subfield>
    <subfield code="4">0</subfield>
    <subfield code="7">0</subfield>
    <subfield code="a">306.2 &#x647;&#x640; &#x625; &#x645;</subfield>
    <subfield code="c">&#x646; 2</subfield>
    <subfield code="d">2013-02-07</subfield>
    <subfield code="h">CL</subfield>
    <subfield code="i">00111409</subfield>
    <subfield code="m">CL</subfield>
    <subfield code="r">2013-03-10 00:00:00</subfield>
    <subfield code="t">BOOK</subfield>
    <subfield code="w">ddc</subfield>
    <subfield code="y">0</subfield>
  </datafield>
  <datafield tag="952" ind1=" " ind2=" ">
    <subfield code="1">0</subfield>
    <subfield code="2">2013-03-10</subfield>
    <subfield code="4">0</subfield>
    <subfield code="7">0</subfield>
    <subfield code="a">306.2 &#x647;&#x640; &#x625; &#x645;</subfield>
    <subfield code="c">&#x646; 3</subfield>
    <subfield code="d">2013-02-07</subfield>
    <subfield code="h">CL</subfield>
    <subfield code="i">00111410</subfield>
    <subfield code="m">CL</subfield>
    <subfield code="r">2013-03-10 00:00:00</subfield>
    <subfield code="t">BOOK</subfield>
    <subfield code="w">ddc</subfield>
    <subfield code="y">0</subfield>
  </datafield>
  <datafield tag="952" ind1=" " ind2=" ">
    <subfield code="1">0</subfield>
    <subfield code="2">2013-03-10</subfield>
    <subfield code="4">0</subfield>
    <subfield code="7">0</subfield>
    <subfield code="a">306.2 &#x647;&#x640; &#x625; &#x645;</subfield>
    <subfield code="c">&#x646; 1</subfield>
    <subfield code="d">2013-02-07</subfield>
    <subfield code="h">SZM</subfield>
    <subfield code="i">00111411</subfield>
    <subfield code="m">SZM</subfield>
    <subfield code="r">2013-03-10 00:00:00</subfield>
    <subfield code="t">BOOK</subfield>
    <subfield code="w">ddc</subfield>
    <subfield code="y">0</subfield>
  </datafield>
  <datafield tag="952" ind1=" " ind2=" ">
    <subfield code="1">0</subfield>
    <subfield code="2">2013-03-10</subfield>
    <subfield code="4">0</subfield>
    <subfield code="7">0</subfield>
    <subfield code="a">306.2 &#x647;&#x640; &#x625; &#x645;</subfield>
    <subfield code="c">&#x646; 2</subfield>
    <subfield code="d">2013-02-07</subfield>
    <subfield code="h">SZM</subfield>
    <subfield code="i">00111412</subfield>
    <subfield code="m">SZM</subfield>
    <subfield code="r">2013-03-10 00:00:00</subfield>
    <subfield code="t">BOOK</subfield>
    <subfield code="w">ddc</subfield>
    <subfield code="y">0</subfield>
  </datafield>
  <datafield tag="952" ind1=" " ind2=" ">
    <subfield code="1">0</subfield>
    <subfield code="2">2013-03-10</subfield>
    <subfield code="4">0</subfield>
    <subfield code="7">0</subfield>
    <subfield code="a">306.2 &#x647;&#x640; &#x625; &#x645;</subfield>
    <subfield code="c">&#x646; 1</subfield>
    <subfield code="d">2013-02-07</subfield>
    <subfield code="h">SRF</subfield>
    <subfield code="i">00111413</subfield>
    <subfield code="m">SRF</subfield>
    <subfield code="q">2019-03-04</subfield>
    <subfield code="r">2019-11-12 00:00:00</subfield>
    <subfield code="t">BOOK</subfield>
    <subfield code="w">ddc</subfield>
    <subfield code="y">1</subfield>
  </datafield>
  <datafield tag="952" ind1=" " ind2=" ">
    <subfield code="1">0</subfield>
    <subfield code="2">2013-03-10</subfield>
    <subfield code="4">0</subfield>
    <subfield code="7">0</subfield>
    <subfield code="a">306.2 &#x647;&#x640; &#x625; &#x645;</subfield>
    <subfield code="c">&#x646; 2</subfield>
    <subfield code="d">2013-02-07</subfield>
    <subfield code="h">SRF</subfield>
    <subfield code="i">00111414</subfield>
    <subfield code="m">SRF</subfield>
    <subfield code="r">2013-03-10 00:00:00</subfield>
    <subfield code="t">BOOK</subfield>
    <subfield code="w">ddc</subfield>
    <subfield code="y">0</subfield>
  </datafield>
  <datafield tag="952" ind1=" " ind2=" ">
    <subfield code="1">0</subfield>
    <subfield code="2">2013-03-10</subfield>
    <subfield code="4">0</subfield>
    <subfield code="7">0</subfield>
    <subfield code="a">306.2 &#x647;&#x640; &#x625; &#x645;</subfield>
    <subfield code="c">&#x646; 1</subfield>
    <subfield code="d">2013-02-07</subfield>
    <subfield code="h">SRM</subfield>
    <subfield code="i">00111415</subfield>
    <subfield code="m">SRM</subfield>
    <subfield code="r">2013-03-10 00:00:00</subfield>
    <subfield code="t">BOOK</subfield>
    <subfield code="w">ddc</subfield>
    <subfield code="y">0</subfield>
  </datafield>
  <datafield tag="952" ind1=" " ind2=" ">
    <subfield code="1">0</subfield>
    <subfield code="2">2013-03-10</subfield>
    <subfield code="4">0</subfield>
    <subfield code="7">0</subfield>
    <subfield code="a">306.2 &#x647;&#x640; &#x625; &#x645;</subfield>
    <subfield code="c">&#x646; 2</subfield>
    <subfield code="d">2013-02-07</subfield>
    <subfield code="h">SRM</subfield>
    <subfield code="i">00111416</subfield>
    <subfield code="m">SRM</subfield>
    <subfield code="q">2019-01-16</subfield>
    <subfield code="r">2019-01-29 00:00:00</subfield>
    <subfield code="t">BOOK</subfield>
    <subfield code="w">ddc</subfield>
    <subfield code="y">1</subfield>
  </datafield>
</record>
